[Event "EU-ch 16th"]
[Site "Jerusalem"]
[Date "2015.02.25"]
[Round "2"]
[White "Givon, Asaf"]
[Black "Ipatov, Alexander"]
[Result "0-1"]
[WhiteElo "2473"]
[BlackElo "2592"]
[PlyCount "108"]
[EventDate "2015.02.24"]
[EventType "swiss"]
[EventRounds "11"]
[EventCountry "ISR"]
[SourceTitle "CBM 166"]
[Source "ChessBase"]
[SourceDate "2015.05.11"]
[SourceVersion "1"]
[SourceVersionDate "2015.05.11"]
[SourceQuality "1"]

1. e4 e5 2. Nf3 Nc6 3. Bb5 a6 4. Ba4 Nf6 5. 0-0 Be7 6. Re1 b5 7. Bb3 d6 8. c3 0-0 9. d4 Bg4 10. Be3 Bh5 11. Nbd2 Na5 12. dxe5 dxe5 13. h3 Qc8 14. Bc2 Rd8 15. Qe2 c5 16. Nf1 Qe6 17. Ng3 Bxf3 18. Qxf3 g6 19. Qe2 h5 20. Nf1 c4 21. Nd2 Nb7 22. b3 Nd6 23. bxc4 bxc4 24. a4 Rac8 25. Rab1 Rc6 26. Rb2 Rdc8 27. Reb1 Nd7 28. f4 exf4 29. Bxf4 Ne5 30. Rb8 Bf6 31. Nf3 Nd3 32. Bxd3 cxd3 33. Qxd3 Qxe4 34. Rxc8+ Rxc8 35. Qxe4 Nxe4 36. Rb6 a5 37. Be5 Bxe5 38. Nxe5 Rxc3 39. Rb5 Rc1+ 40. Kh2 h4 41. Nf3 Rc5 42. Nxh4 Kf8 43. Nf3 Rxb5 44. axb5 Ke7 45. Ne5 a4 46. Nc4 Nc3 47. b6 Kd8 48. h4 Nd5 49. b7 Kc7 50. g4 Kxb7 51. Kg3 Kc6 52. Kf3 Kc5 53. Na3 Kb4 54. Nb1 g5 0-1